| Tag |
First Indicator |
Second Indicator |
Subfields |
| LEADER |
00000cam a22000001 4500 |
| 001 |
in00000056375 |
| 005 |
20151007081918.0 |
| 008 |
720810s1966 nyuab b 00010 eng |
| 010 |
|
|
|a 66013590
|
| 035 |
|
|
|a (OCoLC)00294084
|
| 035 |
|
|
|9 AAF7092AM
|
| 040 |
|
|
|a DLC
|c DLC
|d TXA
|d UtOrBLW
|
| 043 |
|
|
|a n-us-ak
|
| 049 |
|
|
|a TXAM
|c [473514]
|
| 050 |
0 |
0 |
|a E99.E7
|b C5
|
| 082 |
0 |
|
|a 301.29174971
|
| 092 |
|
|
|a 301.29
|b C454e
|
| 100 |
1 |
|
|a Chance, Norman A.
|q (Norman Allee),
|d 1927-
|
| 245 |
1 |
4 |
|a The Eskimo of North Alaska /
|c by Norman A. Chance.
|
| 264 |
|
1 |
|a New York :
|b Holt, Rinehart and Winston,
|c [1966]
|
| 300 |
|
|
|a xii, 107 pages :
|b illustrations, map. ;
|c 24 cm.
|
| 336 |
|
|
|a text
|b txt
|2 rdacontent
|
| 337 |
|
|
|a unmediated
|b n
|2 rdamedia
|
| 338 |
|
|
|a volume
|b nc
|2 rdacarrier
|
| 490 |
1 |
|
|a Case studies in cultural anthropology
|
| 504 |
|
|
|a Bibliography: pages 104-105. "Recommended reading": pages 106-107.
|
| 650 |
|
0 |
|a Eskimos
|z Alaska.
|
| 830 |
|
0 |
|a Case studies in cultural anthropology.
|
| 999 |
|
|
|a MARS
|
| 999 |
f |
f |
|s 7362423b-3849-3c5c-bfae-9c3fa6068a40
|i 4ce64165-ead4-3c0e-9b33-bbb6d9d6f988
|t 0
|
| 952 |
f |
f |
|p ric
|a Texas A&M University
|b Rellis Campus
|c Joint Library Facility
|d Remote Storage
|t 0
|e E99.E7 C5
|h Library of Congress classification
|i unmediated -- volume
|m A14800640043
|
| 998 |
f |
f |
|a E99.E7 C5
|t 0
|l Remote Storage
|